000 00727nam a2200289Ia 4500
008 170203s9999 xx 000 0 und d
020 _a9628882767
050 _a912
050 _bB963s 2005
100 _aBurnie, David.
245 _aShrublands /
245 _cDavid Burnie.
260 _aSingapore :
260 _bEducational Technologies Ltd.
260 _c2005
300 _a64 pages :
300 _bcolor illustrations, color maps ;
300 _c29 cm.
440 _aBiomes atlases.
650 _aEcology.
650 _aShrubland ecology --
650 _aShrubland ecology --
650 _aShrubland ecology.
650 _aShrublands.
650 _xJuvenile literature.
650 _xMaps.
999 _c305757
_d305757